000
00344 a2200157 4500
020
_a
9780070648227
040
_b
English
082
_a
004.43C BAL
245
_a
Programming in ANSI C
250
_a
4/e
260
_a
New Delhi
_b
Tata McGraw Hill
_c
2009
300
_b
549p.
650
_a
Programming c
942
_c
G
100
_a
E Balagurusamy
999
_c
3152
_d
3152